00426nam a22001457a 450000500170000000800410001702000220005804100080008008200270008810000180011524500650013326000610019830000090025936500120026820241203163202.0230829b |||||||| |||| 00| 0 eng d a978-93-81390-29-0 aEng aOG 610.7367 NEE DB1155 aNeelam Kumari aTextbook of Midwifery and Gynecological Nursing 6th Semester bS.Vikas and Company (Medical Publisher)c2024aJalandhar a826p b1599.00